| 000 | 01508cam a2200349 a 4500 | ||
|---|---|---|---|
| 001 | EDZ0000072048 | ||
| 003 | StDuBDS | ||
| 005 | 20161031105131.0 | ||
| 006 | m||||||||d|||||||| | ||
| 007 | cr ||||||||||| | ||
| 008 | 120412s2006 enka fo| 001|0|eng d | ||
| 020 |
_a9781446211595 (ebook) : _cNo price |
||
| 040 |
_aStDuBDS _beng _cStDuBDS _epn |
||
| 049 | _aAlfaisal Main Library | ||
| 050 | 0 |
_aRC489.F35 _bG85 2006 |
|
| 082 | 0 | 4 |
_a616.8914 _223 |
| 245 | 0 | 0 |
_aGuided imagery _h[electronic resource] : _bcreative interventions in counselling & psychotherapy / _cEric Hall ... [et al.]. |
| 260 |
_aLondon : _bSAGE, _cc2006. |
||
| 300 |
_a1 online resource ([ix], 137 p.) : _bill. |
||
| 504 | _aIncludes bibliographical references and index. | ||
| 520 | 8 | _aA practical guide to using imagery in one-to-one therapeutic work with clients, this book shows how the techniques involved can be integrated into everyday practice. It describes the different processes of using guided imagery and working from a script, and shows how drawing can be used to augment imagery work. | |
| 521 | _aSpecialized. | ||
| 588 | _aDescription based on print version record. | ||
| 650 | 0 |
_aImagery (Psychology) _xTherapeutic use. |
|
| 650 | 0 | _aPsychotherapy. | |
| 655 | 7 |
_aElectronic books. _2local |
|
| 700 | 1 | _aHall, Eric. | |
| 710 | 2 | _aSage eBooks | |
| 776 | 0 | 8 |
_iPrint version : _z9781412901499 |
| 856 | 4 | 0 | _uhttp://ezproxy.alfaisal.edu/login?url=http://sk.sagepub.com/books/guided-imagery |
| 942 |
_2lcc _cEBOOKS |
||
| 999 |
_c480030 _d480030 |
||